| 000 | 00447nam a22001817a 4500 | ||
|---|---|---|---|
| 003 | MPLRDC | ||
| 005 | 20220104124658.0 | ||
| 008 | 210129b ||||| |||| 00| 0 eng d | ||
| 020 | _a962-07-4039-4 | ||
| 082 | _a831.4 XDF | ||
| 100 | _a萧涤非等撰写 | ||
| 245 |
_a名家鉴赏唐诗大观 _c |
||
| 250 | _a一版二刷 | ||
| 260 |
_a香港 _b商务印书馆 _c1986 |
||
| 300 | _b1536 | ||
| 650 | _a唐诗总集 | ||
| 942 |
_cBK _o831.4 XDF |
||
| 999 |
_c21269 _d21259 |
||